000 00596cam a22002053a 4500
001 45920
003 PGUSA
005 20140828084054.0
008 140609s2014||||xxu|||||s|||||000 | eng d
040 _aPGUSA
_beng
042 _adc
100 1 _aGourmont, Remy de,
_d1858-1915
245 1 0 _aVery Woman :
_b(Sixtine) A Cerebral Novel
_h[electronic resource] /
_cRemy de Gourmont
260 _bProject Gutenberg,
_c2014
506 _aPublic domain in the USA.
516 _aElectronic text
830 0 _aProject Gutenberg
_v45920
856 4 0 _uhttp://www.gutenberg.org/ebooks/45920
942 _cEB
999 _c275170
_d275170